000 00621nam a2200205Ia 4500
003 OSt
005 20250725123917.0
008 210210b1998 xxu||||| |||| 00| 0 eng d
040 _cAL
041 _aKannada
082 _a398.203K NAGK
100 _aNAGEGAUDA (H L),Ed.
_d ನಾಗೇಗೌಡ ((ಹೆಚ್ ಎಲ್)
_9220134
245 _aKannada janapada kosha.
_bಕನ್ನಡ ಜಾನಪದ ಕೋಶ.
260 _aBengaluru.
_bKarnataka Janapada Parishattu.,
_c1998
300 _axix,824,52,iv
650 _aJanapada Kosha
_9220135
690 _aFolklore
_9220136
906 _a054888
942 _2ddc
_cBK
999 _c102824
_d102824